000 01677nam1a2200253 i 4500
001 RU\NLR\BIBL_A\010564246
005 20240921141016.0
010 _a9785939326537
035 _a(NLR Aleph) 010564246
090 _a10395415
_c10395415
100 _a20140417g20139999um y0rusy50 ca
101 0 _arus
102 _aRU
105 _a||||j||||||||
200 1 _aВысшая математика
_eкраткий курс
_eконспект лекций для высшего профессионального образования
_e[для студентов всех направления подготовки очной и заочной форм обучения]
_fС.В. Колпакова
_gМ-во образования и науки Рос. Федерации, Федер. гос.азоват. учреждение высш проф. образования "Гос. ун-т - учеб.-науч.-произв. комплекс"
210 _aОрел
_cФедеральное бюджетное учреждение высшего профессионального образования "Государственный университет - учебно-научно-производственный комплекс" учеб.-науч.-произв. комплекс"
_d2013
215 _d20
606 1 _aМатематика
_jУчебные издания для высших учебных заведений
_9922118
_3RU\NLR\AUTH\6619329
686 1 _aВ11я73-2
700 1 _aКолпакова
_bС. В.
_gСветлана Валерьевна
852 _aNLR
_j2014-4/3686
942 _cBOOK